000 00568nam a2200205Ia 4500
005 20250923144712.0
008 008 250917s9999 xx 000 0 eng d
037 _aTextual
040 _aDSWL
_beng
_cDSWL
041 _aeng
_2eng
084 _aY173(Q2.9J).2N2, G5
_qDSWL
100 _aAllison, W.L.
_9827532
245 0 _aSadhs
_cby W.L. Allison
260 _aCalcutta
_bY M C A Publishing House
_c1935
300 _a127p.
365 _aINR
_b3
925 _g3
942 _cTEXL
_hY173(Q2.9J).2N2, G5
999 _c1442250
_d1442250